|
คณะศิลปกรรมศาสตร์ มหาวิทยาลัยมหาสารคาม
Union Library Management - v5.7
|


|
| LEADER 00000nam 2200000uu 4500 |
| 008 020711s2006 th a 000 0 eng d |
| 082 ^a760 |
| 245 street fashion parade |
| 260 happy book :^bitaly,^c2006 |
| 300 220 pages |
| 650 street fashion parade |
| คุณยังไม่ได้ล็อกอิน คุณสามารถมีกิจกรรมร่วมกับเว็บไซต์ได้ แต่ต้องล็อกอินก่อน :: |
|
| ลำดับที่ |
ประเภท |
เลขเรียก/บาร์โค้ด |
สถานที่ |
สถานะ |
| 1. |
 หนังสือ | 760 2006 Barcode: 700175 | หนังสือทั่วไป | On Shelf |
mysqli: Can't create/write to file '/tmp/#sql_4a2_0.MYI' (Errcode: 28)
select distinct chain from chainerlink where fromid='13399107784' and frommid='22972'
| [แสดง 1/1 รายการ] |
mysqli: Can't create/write to file '/tmp/#sql_4a2_0.MYI' (Errcode: 28)
select * from index_db where titl like '%street fashion parade%' and mid<>'13399107784' order by rand() limit 3
mysqli: Can't create/write to file '/tmp/#sql_4a2_0.MYI' (Errcode: 28)
select * from index_db where subj like '%street fashion parade%' and mid<>'13399107784' order by rand() limit 3
|
ยังไม่เคยถูกคอมเมนท์
|
| คอมเมนท์ทรัพยากรรายการนี้ |
|